Razón y Violencia : Una Década de Pensamiento Sartream /

Los autores buscan seguir los lineamientos del pensamiento sartreano, partiendo de las relaciones de grupo para llegar a la relación negativa del análisis existencial con el psicoanálisis y la explicación marxista y sus postulados de relaciones sociales. Se plante una diferencia entre la posición de...

Ամբողջական նկարագրություն

Պահպանված է:
Մատենագիտական մանրամասներ
Հիմնական հեղինակ: Laing, Ronald D. (autor)
Այլ հեղինակներ: Cooper, David
Ձևաչափ: Գիրք
Լեզու:իսպաներեն
Շարք:(Biblioteca de Psicología Social y Sonología ; 39)
Խորագրեր:
Ցուցիչներ: Ավելացրեք ցուցիչ
Չկան պիտակներ, Եղեք առաջինը, ով նշում է այս գրառումը!

MARC

LEADER 00000nam^a2200000^a^4500
001 000069542
005 20250521000000.0
009 20260526120350.415
037 |a Acervo ITESO - Biblioteca 
041 |a ESP 
082 |a 150. 195732  |b LAI 
100 |a Laing, Ronald D.  |e (autor) 
245 1 0 |a Razón y Violencia :  |b Una Década de Pensamiento Sartream /  |c R. Laing,; D. Cooper ; tr. por Martha Eguia pról. de: Jean-Paul Sartre. 
264 |a Buenos Aires, Argentina :  |b Paidós,  |c 1969 
300 |a 109 p. 
336 |a texto  |b txt  |2 rdacontenido 
337 |a sin mediación  |b n  |2 rdamedio 
338 |a volumen  |b nc  |2 rdasoporte 
440 1 |a (Biblioteca de Psicología Social y Sonología ;  |v 39) 
500 |a Traducción de: Reason and Vidence 
520 |a Los autores buscan seguir los lineamientos del pensamiento sartreano, partiendo de las relaciones de grupo para llegar a la relación negativa del análisis existencial con el psicoanálisis y la explicación marxista y sus postulados de relaciones sociales. Se plante una diferencia entre la posición de sartre y los psicoanalistas en relación con el problema de los límites del psicoanálisis. Pues postulan que en la relación terapeútica-analítica, el sujeto desaparece, mientras que para sartre las soluciones sólo pueden encontrarse dentro de la propia vida personal. 
649 |a XX 
650 |a Psicoanálisis Institucional 
650 |a Instituciones Psicoanalíticas 
650 |a Psicoanálisis 
700 |a Cooper, David 
910 |a Fondo Armando Suárez Gómez 
920 |a Impresos - Libros 
930 |a Fondos Especiales 
905 |a 111 
901 |a 0700002369  |b IT2  |c ESP  |u 20250521 
902 |a https://opac.biblio.iteso.mx/vufind/Record/000069542